LEADER 01152nam a2200265 i 4500 001 000000139005 003 CaOOAMICUS 005 20221005104816.0 008 050516s2004 it u000 u ita u 020 $a88-10-92813-X 040 $aSeMil$bita 100 1 $aCaffarra, Carlo,$c.$0(OLS)http://semarc/name/90006 245 12$aL'educazione: una sfida urgente /$cCarlo Caffarra. 264 1$aBologna :$bEDB,$c2004. 300 $a60 p. ;$c22 cm. 650 4$aAdolescenti - Educazione.$0(OLS)http://semarc/subject/6888 650 4$aCaffarra, Carlo - Interviste.$0(OLS)http://semarc/subject/27302 711 0 $aConvegno regionale Centro Sportivo Italiano .$0(OLS)http://semarc/name/116596 850 $aSeMil 852 $aSeMil$W1$xVenegono$y1$m2Q II 32$j92444$B92444$CSeMilBibl$Z2$F98305 $81 961 $aOmaggio per recensione: EDB 996 $6020$a88-10-92813-X$9(OLS)http://semarc/number/126976 996 $6245$aL'educazione: una sfida urgente$9(OLS)http://semarc/title/203148 996 $6264$aBologna :$bEDB$9(OLS)http://semarc/publisher/29669 LEADER 01057nam a2200265 i 4500 001 000000125033 003 CaOOAMICUS 005 20170725000000.0 008 170725s2014 it u000 u ita u 013 $a97731 020 $a978-88-428-2037-6 040 $aSeMil$bita 100 1 $aRampello, Liliana <1949- >.$0(OLS)http://semarc/name/93208 245 10$aSei romanzi perfetti :$bsu Jane Austen /$cLiliana Rampello. 260 $aMilano :$bIl Saggiatore,$c2014. 300 $a200 p. ;$c22 cm. 490 0 $aLa cultura ;$v868 600 14$aAusten, Jane <1775-1817>.$0(OLS)http://semarc/subject/46154 830 3$aLa cultura ;$v868.$0(OLS)http://semarc/title/6877 850 $aSeMil 852 $aSeMil$W1$xVenegono$y1$m1O II 232$j79532$B79532$CSeMilBibl$Z2$F81749 $81 961 $aOmaggio: Giacomoni Silvia 996 $6020$a978-88-428-2037-6$9(OLS)http://semarc/number/273544 996 $6245$aSei romanzi perfetti :$bsu Jane Austen$9(OLS)http://semarc/title/407965 996 $6260$aMilano :$bIl Saggiatore$9(OLS)http://semarc/publisher/30255